SC Braga Squad 2025-2026 - Statistics

General Stats
  • This quiz has been taken 33 times
    7 since last reset
  • The average score is 21 of 29
Answer Stats
# Position Nation Player % Correct
18 FW Spain Pau Víctor
100%
2 DF Spain Víctor Gómez
100%
26 DF Germany Bright Arrey-Mbi
86%
27 MF Austria Florian Grillitsch
86%
77 FW Spain Gabri Martínez
86%
29 MF France Gorby
86%
14 DF Sweden Gustaf Lagerbielke
86%
8 MF Portugal João Moutinho
86%
1 GK Czech Republic Lukáš Horníček
86%
20 MF Ivory Coast Mario Dorgeles
86%
21 FW Portugal Ricardo Horta
86%
10 MF Uruguay Rodrigo Zalazar
86%
4 DF Mali Sikou Niakaté
86%
12 GK Portugal Tiago Sá
86%
6 MF Brazil Vítor Carvalho
86%
37 DF Bosnia and Herzegovina Adrian Leon Barišić
71%
67 FW Portugal Afonso Patrão
71%
9 FW Morocco Amine El Ouazzani
71%
- Coach Spain Carlos Vicens
71%
50 MF Portugal Diego Rodrigues
71%
39 FW Spain Fran Navarro
71%
5 DF Portugal Leonardo Lelo
71%
15 DF Portugal Paulo Oliveira
71%
36 GK Morocco Alaa Bellaarouch
57%
17 MF Brazil Gabriel Moscardo
57%
34 MF Turkey Demir Ege Tıknaz
43%
3 DF Brazil Robson Bambu
29%
11 FW Lebanon Samy Jr. Merheg
29%
33 FW Portugal João Marques
14%
No matching quizzes found
Score Distribution
Percent of People with Each Score
Percentile by Number Answered
Your Score History
You have not taken this quiz since the last reset